zpět

Detail výsledku týmu

KEGzistence, Plzeň

Datum a čas kvízu

31.5 Celkem bodů Celkový počet nahraných bodů na tomto kvízu bez doplňovacích otázek.
4. Pořadí na kvízu Konečné umístění týmu na tomto kvízu.

Zaznamenané odpovědi

# Otázka Odpověď Body Výsledky
1. Který obchodní řetězec minulý... Billa 1
2. Na obrázku můžete vidět Leonor... za lososa 0
3. V pátek proběhlo slavnostní vy... Vladimír Mišík 1
4. Relativně málo známý Portrét E... Gustav Klimt 1
5. Turecký fotbalista Kerem Aktur... Harry Potter 1
6. Za půl bodu uveďte název ameri... Bratrstvo neohrožených/Band of Brothers; rota E/Easy Company 1
7. Seřaďte následující vojenské h... 1D 2A 3C 4B 0
8. Po půl bodu můžete dostat za u... Karel Kryl; Bratříčku, zavírej vrátka 1
9. Uveďte jméno zobrazeného česko... Alois Eliáš 1
10. Ve kterém satirickém románu vy... Hlava XXII (Catch-22) 1